U.S. Presidents Without Vowels #3 - Statistics

General Stats
  • This quiz has been taken 77 times
  • The average score is 14 of 15
Answer Stats
Without Vowels With Vowels % Correct
Thms Jffrsn Thomas Jefferson
100%
Grg W Bsh George W. Bush
99%
Rchrd Nxn Richard Nixon
99%
Jhn Qncy Dms John Quincy Adams
97%
Wllm Hnry Hrrsn William Henry Harrison
97%
J Bdn Joe Biden
96%
Rnld Rgn Ronald Reagan
96%
Lysss S Grnt Ulysses S. Grant
96%
Hrbrt Hvr Herbert Hoover
94%
Wllm Mcknly William McKinley
94%
Wdrw Wlsn Woodrow Wilson
94%
Dwght D Snhwr Dwight D. Eisenhower
93%
Zchry Tylr Zachary Taylor
93%
Jms Bchnn James Buchanan
90%
Chstr Rthr Chester A. Arthur
65%
No matching quizzes found
Score Distribution
Percent of People with Each Score
Percentile by Number Answered
Your Score History
You have not taken this quiz